Name All Countries + US States - Statistics

General Stats
  • This quiz has been taken 264 times
  • The average score is 163 of 245
Answers on the Map
Answers color-coded by a green-red scale on the quiz's map according to % correct below.
 
Answer Stats
Answer % Correct
California
84%
Russia
81%
Texas
81%
Alaska
78%
Canada
78%
Costa Rica
78%
France
78%
India
78%
Mexico
78%
New Mexico
78%
New York
78%
Alabama
76%
Arizona
76%
China
76%
Colorado
76%
Denmark
76%
Dominican Republic
76%
El Salvador
76%
Finland
76%
Florida
76%
Georgia
76%
Germany
76%
Greece
76%
Idaho
76%
Ireland
76%
Italy
76%
Japan
76%
Kansas
76%
Kentucky
76%
New Jersey
76%
Ukraine
76%
United Kingdom
76%
Washington
76%
Afghanistan
73%
Austria
73%
Bahamas
73%
Belize
73%
Cambodia
73%
Chile
73%
Cuba
73%
Dominica
73%
Ecuador
73%
Egypt
73%
Iceland
73%
Indonesia
73%
Iran
73%
Iraq
73%
Michigan
73%
Minnesota
73%
Mississippi
73%
Missouri
73%
Netherlands
73%
Nevada
73%
North Korea
73%
Portugal
73%
Saudi Arabia
73%
South Dakota
73%
South Korea
73%
Spain
73%
Sweden
73%
Syria
73%
Turkey
73%
Utah
73%
Venezuela
73%
Vietnam
73%
Wyoming
73%
Albania
70%
Argentina
70%
Australia
70%
Azerbaijan
70%
Brazil
70%
Colombia
70%
Haiti
70%
Hawaii
70%
Honduras
70%
Illinois
70%
Iowa
70%
Jamaica
70%
Kazakhstan
70%
Latvia
70%
Mali
70%
Montana
70%
Morocco
70%
Nepal
70%
New Zealand
70%
Niger
70%
North Carolina
70%
North Dakota
70%
Ohio
70%
Oklahoma
70%
Oregon
70%
Pakistan
70%
Philippines
70%
Serbia
70%
Sri Lanka
70%
Switzerland
70%
Taiwan
70%
Virginia
70%
West Virginia
70%
Algeria
68%
Armenia
68%
Bangladesh
68%
Belarus
68%
Belgium
68%
Bolivia
68%
Bosnia and Herzegovina
68%
Czech Republic
68%
Democratic Republic of the Congo
68%
Guatemala
68%
Hungary
68%
Indiana
68%
Lithuania
68%
Maine
68%
Malaysia
68%
Monaco
68%
Mongolia
68%
Nicaragua
68%
Nigeria
68%
North Macedonia
68%
Papua New Guinea
68%
Paraguay
68%
Peru
68%
Poland
68%
Romania
68%
Slovakia
68%
Slovenia
68%
Somalia
68%
South Africa
68%
South Carolina
68%
Tennessee
68%
Thailand
68%
Yemen
68%
Zimbabwe
68%
Arkansas
65%
Barbados
65%
Bhutan
65%
Bulgaria
65%
Chad
65%
Connecticut
65%
Croatia
65%
Cyprus
65%
East Timor
65%
Estonia
65%
Ethiopia
65%
Jordan
65%
Laos
65%
Libya
65%
Louisiana
65%
Madagascar
65%
Massachusetts
65%
Moldova
65%
Montenegro
65%
Myanmar
65%
Nebraska
65%
Norway
65%
Oman
65%
Panama
65%
Qatar
65%
Republic of the Congo
65%
Rhode Island
65%
Singapore
65%
Sudan
65%
Togo
65%
Turkmenistan
65%
United Arab Emirates
65%
Vermont
65%
Wisconsin
65%
Andorra
62%
Angola
62%
Bahrain
62%
Brunei
62%
Delaware
62%
Guinea
62%
Guyana
62%
Kenya
62%
Kosovo
62%
Kuwait
62%
Lebanon
62%
Liberia
62%
Luxembourg
62%
Maldives
62%
Malta
62%
New Hampshire
62%
Pennsylvania
62%
San Marino
62%
Senegal
62%
Uruguay
62%
Uzbekistan
62%
Vatican City
62%
Benin
59%
Eritrea
59%
Eswatini
59%
Maryland
59%
Principality of Liechtenstein
59%
Saint Lucia
59%
Samoa
59%
Seychelles
59%
Suriname
59%
Tajikistan
59%
Tanzania
59%
Trinidad and Tobago
59%
Tunisia
59%
Uganda
59%
Zambia
59%
Cape Verde
57%
Central African Republic
57%
Djibouti
57%
Federated States of Micronesia
57%
Fiji
57%
Gambia
57%
Ghana
57%
Guinea-Bissau
57%
Israel
57%
Ivory Coast
57%
Kyrgyzstan
57%
Lesotho
57%
Malawi
57%
Mauritius
57%
Mozambique
57%
Namibia
57%
Palau
57%
Saint Vincent and the Grenadines
57%
São Tomé and Principe
57%
Sierra Leone
57%
South Sudan
57%
Antigua and Barbuda
54%
Botswana
54%
Cameroon
54%
Comoros
54%
Grenada
54%
Marshall Islands
54%
Mauritania
54%
Nauru
54%
Rwanda
54%
Saint Kitts and Nevis
54%
Tonga
54%
Burkina Faso
51%
Burundi
51%
Equatorial Guinea
51%
Gabon
51%
Kiribati
51%
Tuvalu
51%
Vanuatu
51%
Solomon Islands
49%
No matching quizzes found
Score Distribution
Percent of People with Each Score
Percentile by Number Answered
Your Score History
You have not taken this quiz